Muslims and Missionaries in Pre-Mutiny India (Record no. 8635)

MARC details
000 -LEADER
fixed length control field 00629nam a2200241 a 4500
020 ## - INTERNATIONAL STANDARD BOOK NUMBER
ISBN 0700705
082 00 - DEWEY DECIMAL CLASSIFICATION NUMBER
Classification number 261.27
Author Cutter POW
100 ## - MAIN ENTRY--AUTHOR NAME
Author name Powell, Arvil Ann
245 ## - TITLE STATEMENT
Title Muslims and Missionaries in Pre-Mutiny India
260 ## - PUBLICATION, DISTRIBUTION, ETC. (IMPRINT)
Place of publication London
Name of publisher Curzon Press
Year of publication 1993
300 ## - PHYSICAL DESCRIPTION
Number of Pages 339p
500 ## - GENERAL NOTE
General note includes index and biblioraphy
505 2# - FORMATTED CONTENTS NOTE
Formatted contents note Glossary, Biblio., Index
650 ## - SUBJECT ADDED ENTRY--TOPICAL TERM
Topical Term Missions-India-Muslims
942 ## - ADDED ENTRY ELEMENTS (KOHA)
Koha item type Books
700 1# -
-- Powell, Arvil Ann
Holdings
Collection code Home library Current library Date acquired Cost, normal purchase price Full call number Accession Number Koha item type
  Henry Martyn Institute Library Henry Martyn Institute Library 06/17/2011 450.00 261.27 POW 014664 Books
                   Copyright © 2026 | Henry Martyn Institute | Hyderabad | TS-500052 | INDIA | Implemented by hmi.edu.in
Hit-Count:

Powered by Koha